[Event "Paleochora op 15th"]
[Site "Paleochora"]
[Date "2022.07.17"]
[Round "1"]
[White "Wolf, Ulrich"]
[Black "Nevednichy, Vladislav"]
[Result "0-1"]
[WhiteElo "1979"]
[BlackElo "2473"]
[PlyCount "66"]
[EventDate "2022.07.17"]
[EventType "swiss"]
[EventRounds "9"]
[EventCountry "GRE"]
[SourceTitle "CBM 209 Extra"]
[Source "ChessBase"]
[SourceDate "2022.09.30"]
[SourceVersion "1"]
[SourceVersionDate "2022.09.30"]
[SourceQuality "1"]

1. Nf3 d5 2. c4 e6 3. b3 Nf6 4. Bb2 b6 5. g3 Bb7 6. Bg2 Nbd7 7. 0-0 Be7 8. d3 0-0 9. Qc2 c5 10. Nbd2 Qc7 11. Rac1 Rad8 12. e3 Qb8 13. cxd5 Nxd5 14. a3 Rc8 15. Qb1 Rfd8 16. Qa1 Bf8 17. e4 Ne7 18. Ne5 Nxe5 19. Bxe5 Qa8 20. Qb1 Nc6 21. Bc3 Nd4 22. Bxd4 Rxd4 23. Nf3 Rd6 24. Rfd1 Rcd8 25. Bf1 g6 26. Nd2 Bh6 27. Nc4 Rd4 28. Ne3 Qb8 29. b4 cxb4 30. axb4 b5 31. Rc5 a6 32. Nc2 R4d7 33. f4 Bxe4 0-1

[Event "Ruhrgebiet Verbandsklasse Gruppe 1 1819"]
[Site "Nordrheinwestfalen"]
[Date "2019.03.24"]
[Round "8.2"]
[White "Wolf, Ulrich"]
[Black "Langschmidt, Dirk"]
[Result "1/2-1/2"]
[WhiteElo "2029"]
[BlackElo "1986"]
[PlyCount "46"]
[EventDate "2018.09.23"]
[EventType "team-tourn"]
[EventRounds "9"]
[EventCountry "GER"]
[SourceTitle "EXT 2022"]
[Source "ChessBase"]
[SourceDate "2021.10.06"]
[SourceVersion "1"]
[SourceVersionDate "2021.10.06"]
[SourceQuality "1"]
[WhiteTeam "Wattenscheid SV III"]
[BlackTeam "Muelheim SC"]
[WhiteTeamCountry "GER"]
[BlackTeamCountry "GER"]

1. d4 d5 2. Bf4 Nf6 3. e3 g6 4. h3 Bg7 5. c4 c6 6. Nc3 0-0 7. Nf3 Qb6 8. Qb3 Be6 9. c5 Qxb3 10. axb3 Nbd7 11. b4 a6 12. Bd3 Bf5 13. Be2 Rfe8 14. 0-0 h6 15. g4 Be4 16. Ne5 g5 17. Nxe4 Nxe4 18. Bh2 Nef6 19. f4 Nxe5 20. fxe5 Ne4 21. Bd3 e6 22. Kg2 Rf8 23. Bxe4 dxe4 1/2-1/2

[Event "Paleochora op 11th"]
[Site "Paleochora"]
[Date "2018.07.21"]
[Round "5"]
[White "Fier, Alexandr"]
[Black "Wolf, Ulrich"]
[Result "1-0"]
[WhiteElo "2570"]
[BlackElo "2073"]
[PlyCount "69"]
[EventDate "2018.07.18"]
[EventType "swiss"]
[EventRounds "9"]
[EventCountry "GRE"]
[SourceTitle "CBM 186 Extra"]
[Source "ChessBase"]
[SourceDate "2018.08.24"]
[SourceVersion "1"]
[SourceVersionDate "2018.08.24"]
[SourceQuality "1"]

1. e4 c5 2. Nf3 e6 3. d4 cxd4 4. Nxd4 a6 5. Bd3 Qc7 6. 0-0 Nf6 7. Qe2 d6 8. Nc3 Be7 9. Kh1 0-0 10. Bd2 Nbd7 11. Rae1 Ne5 12. f4 Nxd3 13. cxd3 e5 14. fxe5 dxe5 15. Nf5 Bxf5 16. Rxf5 g6 17. Rf3 Nh5 18. Nd5 Qd8 19. Bh6 Ng7 20. Ref1 f5 21. Bxg7 Kxg7 22. Nxe7 Qxe7 23. exf5 Rxf5 24. Rxf5 gxf5 25. Rxf5 Re8 26. Qe4 Qc7 27. h3 Qc1+ 28. Kh2 Qxb2 29. Rh5 h6 30. Qg4+ Kf7 31. Rxh6 Qd4 32. Rh7+ Kf6 33. Qg7+ Ke6 34. Rh6+ Kd5 35. Qxb7+ 1-0

[Event "Ruhrgebiet Verbandsklasse Gruppe 1 1718"]
[Site "Germany"]
[Date "2018.01.14"]
[Round "5.2"]
[White "Wolf, Ulrich"]
[Black "Gasper, Joern"]
[Result "1/2-1/2"]
[WhiteElo "2035"]
[BlackElo "2013"]
[PlyCount "43"]
[EventDate "2017.09.17"]
[EventType "team-tourn"]
[EventRounds "9"]
[EventCountry "GER"]
[SourceTitle "EXT 2022"]
[Source "ChessBase"]
[SourceDate "2021.10.06"]
[SourceVersion "1"]
[SourceVersionDate "2021.10.06"]
[SourceQuality "1"]
[WhiteTeam "Wattenscheid SV III"]
[BlackTeam "Waltrop SV"]
[WhiteTeamCountry "GER"]
[BlackTeamCountry "GER"]

1. Nf3 d5 2. c4 c6 3. b3 Bf5 4. Bb2 e6 5. d3 h6 6. Qc2 Nf6 7. Nbd2 Bh7 8. g3 Be7 9. Bg2 0-0 10. 0-0 Nbd7 11. Rac1 a5 12. a3 Qb6 13. h3 Qa6 14. Qb1 Rfd8 15. Qa1 Bf8 16. Ne5 Nxe5 17. Bxe5 Nd7 18. Bb2 Rac8 19. Rc2 Nb6 20. Rfc1 Re8 21. Bf3 Rcd8 22. Kg2 1/2-1/2

[Event "Gelsenkirchen Silvester op 5th"]
[Site "Gelsenkirchen"]
[Date "2017.12.28"]
[Round "3"]
[White "Schlueter, Christoph"]
[Black "Wolf, Ulrich"]
[Result "1/2-1/2"]
[WhiteElo "1953"]
[BlackElo "2050"]
[PlyCount "32"]
[EventDate "2017.12.27"]
[EventType "swiss"]
[EventRounds "5"]
[EventCountry "GER"]
[SourceTitle "CBM 182 Extra"]
[Source "ChessBase"]
[SourceDate "2018.02.23"]
[SourceVersion "1"]
[SourceVersionDate "2018.02.23"]
[SourceQuality "1"]

1. d4 Nf6 2. Nf3 e6 3. Bf4 b6 4. e3 Bb7 5. h3 Be7 6. Nbd2 d6 7. c3 Nbd7 8. Be2 0-0 9. 0-0 c5 10. a4 cxd4 11. exd4 a6 12. Re1 Rc8 13. Bh2 Qc7 14. Bd3 Qb8 15. Qe2 Qa8 16. Qf1 Rfd8 1/2-1/2

[Event "Gelsenkirchen Silvester op 5th"]
[Site "Gelsenkirchen"]
[Date "2017.12.27"]
[Round "1"]
[White "Raabe, Stefan"]
[Black "Wolf, Ulrich"]
[Result "0-1"]
[WhiteElo "1864"]
[BlackElo "2050"]
[PlyCount "95"]
[EventDate "2017.12.27"]
[EventType "swiss"]
[EventRounds "5"]
[EventCountry "GER"]
[SourceTitle "CBM 182 Extra"]
[Source "ChessBase"]
[SourceDate "2018.02.23"]
[SourceVersion "1"]
[SourceVersionDate "2018.02.23"]
[SourceQuality "1"]

1. e4 c5 2. Nf3 e6 3. Nc3 a6 4. d4 cxd4 5. Nxd4 Qc7 6. Bd3 Nf6 7. 0-0 Be7 8. Re1 d6 9. Nf3 Nbd7 10. h3 0-0 11. Qe2 b5 12. e5 dxe5 13. Nxe5 Nxe5 14. Qxe5 Qxe5 15. Rxe5 Bb7 16. Bd2 Rac8 17. Rae1 Rfd8 18. Nd1 Nd5 19. a3 Bf6 20. R5e2 g6 21. Be4 Rd7 22. g3 Bd4 23. Ba5 Ne7 24. Rd2 Bxe4 25. Rxe4 Nc6 26. Bc3 Rcd8 27. Ree2 e5 28. Kg2 f6 29. Rd3 Kf7 30. f3 Bc5 31. Nf2 Bxf2 32. Rxd7+ Rxd7 33. Kxf2 Rd5 34. Ke3 Ke6 35. f4 Rd1 36. fxe5 Nxe5 37. Kf4 g5+ 38. Ke4 Rh1 39. Kd4 Rxh3 40. Kc5 Rxg3 41. Kb6 h5 42. Kxa6 h4 43. Be1 Rg1 44. Kxb5 h3 45. Bd2 g4 46. Rh2 Nf3 47. Re2+ Kf5 48. Re1 0-1

[Event "Ruhrgebiet Regionalliga 1718"]
[Site "Germany"]
[Date "2017.12.10"]
[Round "4.8"]
[White "Kindermann, Carsten"]
[Black "Wolf, Ulrich"]
[Result "1/2-1/2"]
[WhiteElo "1918"]
[BlackElo "2050"]
[PlyCount "64"]
[EventDate "2017.10.01"]
[EventType "team-tourn"]
[EventRounds "9"]
[EventCountry "GER"]
[SourceTitle "EXT 2022"]
[Source "ChessBase"]
[SourceDate "2021.10.06"]
[SourceVersion "1"]
[SourceVersionDate "2021.10.06"]
[SourceQuality "1"]
[WhiteTeam "Borbeck Weisse Dame"]
[BlackTeam "Wattenscheid SV II"]
[WhiteTeamCountry "GER"]
[BlackTeamCountry "GER"]

1. e4 c5 2. Nf3 d6 3. Bb5+ Nc6 4. 0-0 Bd7 5. c3 Nf6 6. Re1 a6 7. Ba4 b5 8. Bc2 Bg4 9. h3 Bxf3 10. Qxf3 e5 11. d3 g6 12. Bg5 Bg7 13. Nd2 h6 14. Be3 0-0 15. Nf1 Rc8 16. Rac1 b4 17. g4 Ne8 18. Qg3 bxc3 19. bxc3 Nc7 20. Bb3 Na5 21. Bc2 Rb8 22. Rb1 Nb5 23. Bd2 Na3 24. Rxb8 Qxb8 25. Bd1 Qb2 26. c4 Nc6 27. Bb3 Nd4 28. Bc1 Ne2+ 29. Rxe2 Qxc1 30. Qe3 Qc3 31. Qd2 Qxd2 32. Rxd2 f5 1/2-1/2

[Event "Ruhrgebiet Verbandsklasse Gruppe 1 1718"]
[Site "Germany"]
[Date "2017.12.03"]
[Round "4.2"]
[White "Matthes, Severin Johannes"]
[Black "Wolf, Ulrich"]
[Result "0-1"]
[WhiteElo "1822"]
[BlackElo "2050"]
[PlyCount "84"]
[EventDate "2017.09.17"]
[EventType "team-tourn"]
[EventRounds "9"]
[EventCountry "GER"]
[SourceTitle "EXT 2022"]
[Source "ChessBase"]
[SourceDate "2021.10.06"]
[SourceVersion "1"]
[SourceVersionDate "2021.10.06"]
[SourceQuality "1"]
[WhiteTeam "Oberhausen SW"]
[BlackTeam "Wattenscheid SV III"]
[WhiteTeamCountry "GER"]
[BlackTeamCountry "GER"]

1. e4 c5 2. Nf3 e6 3. d4 cxd4 4. Nxd4 a6 5. c4 Nf6 6. Nc3 Qc7 7. Bd3 d6 8. 0-0 Be7 9. Kh1 0-0 10. Nb3 b6 11. Bf4 Bb7 12. Rc1 Nbd7 13. f3 Rac8 14. Bb1 Qb8 15. Qe2 Rfe8 16. Rfd1 Nh5 17. Be3 Nhf6 18. Bf4 Nh5 19. Be3 Qc7 20. Qf2 Bd8 21. g4 Nhf6 22. Bf4 Ne5 23. Bxe5 dxe5 24. a4 Be7 25. a5 bxa5 26. Na4 Bb4 27. c5 Bc6 28. Nb6 Rcd8 29. Nd2 Bb5 30. Nb3 Rxd1+ 31. Rxd1 a4 32. g5 Nxe4 33. Bxe4 axb3 34. Bxh7+ Kf8 35. Rc1 Rd8 36. Be4 Bd2 37. Rd1 Bxg5 38. Rg1 Rd2 39. Qg3 Bh6 40. Rc1 Bf4 41. Qe1 Rxh2+ 42. Kg1 Re2 0-1

[Event "Ruhrgebiet Regionalliga 1415"]
[Site "Germany"]
[Date "2014.11.23"]
[Round "3.8"]
[White "Wolf, Ulrich"]
[Black "Wallhof, Dieter"]
[Result "1-0"]
[WhiteElo "2027"]
[BlackElo "1870"]
[PlyCount "65"]
[EventDate "2014.09.28"]
[EventType "team-tourn"]
[EventRounds "9"]
[EventCountry "GER"]
[SourceTitle "EXT 2022"]
[Source "ChessBase"]
[SourceDate "2021.10.06"]
[SourceVersion "1"]
[SourceVersionDate "2021.10.06"]
[SourceQuality "1"]
[WhiteTeam "Wattenscheid SV II"]
[BlackTeam "Welper SV"]
[WhiteTeamCountry "GER"]
[BlackTeamCountry "GER"]

1. Nf3 Nf6 2. c4 g6 3. b3 Bg7 4. Bb2 0-0 5. g3 b6 6. Bg2 Bb7 7. 0-0 c5 8. d3 Nc6 9. e4 d6 10. Nc3 e6 11. Ne1 d5 12. exd5 exd5 13. Nxd5 Nxd5 14. Bxg7 Kxg7 15. Bxd5 Qd7 16. Nc2 Rad8 17. Qe1 f6 18. Qe4 Rfe8 19. Qg2 Ba8 20. Rfe1 Ne5 21. Bxa8 Rxa8 22. Rad1 Nc6 23. Re3 Rad8 24. h4 Rxe3 25. fxe3 Ne5 26. d4 Qg4 27. Rf1 cxd4 28. exd4 Nf7 29. Qf3 Qe6 30. Re1 Qd7 31. Kg2 h5 32. Qe4 Qc7 33. d5 1-0